Le chapitre cathédral en France, 1983 – 1999 quelles perspectives d'avenir ? (notice n° 1535804)
[ vue normale ]
| 000 -LEADER | |
|---|---|
| fixed length control field | 00500cam a2200145 4500500 |
| 005 - DATE AND TIME OF LATEST TRANSACTION | |
| control field | 20251012020525.0 |
| 041 ## - LANGUAGE CODE | |
| Language code of text/sound track or separate title | fre |
| 042 ## - AUTHENTICATION CODE | |
| Authentication code | dc |
| 100 10 - MAIN ENTRY--PERSONAL NAME | |
| Personal name | Passicos, Jean |
| Relator term | author |
| 245 00 - TITLE STATEMENT | |
| Title | Le chapitre cathédral en France, 1983 – 1999 quelles perspectives d'avenir ? |
| 260 ## - PUBLICATION, DISTRIBUTION, ETC. | |
| Date of publication, distribution, etc. | 2000.<br/> |
| 500 ## - GENERAL NOTE | |
| General note | 85 |
| 786 0# - DATA SOURCE ENTRY | |
| Note | L'Année canonique | XLII | 1 | 2000-02-11 | p. 21-35 | 0570-1953 |
| 856 41 - ELECTRONIC LOCATION AND ACCESS | |
| Uniform Resource Identifier | <a href="https://shs.cairn.info/revue-l-annee-canonique-2000-1-page-21?lang=fr&redirect-ssocas=7080">https://shs.cairn.info/revue-l-annee-canonique-2000-1-page-21?lang=fr&redirect-ssocas=7080</a> |
Pas d'exemplaire disponible.




Réseaux sociaux